Addison Rae: Complete Discography - Statistics

General Stats
  • This quiz has been taken 192 times
  • The average score is 13 of 17
Answer Stats
Album Song % Correct
Addison Diet Pepsi
96%
Addison Headphones On
96%
Addison Aquamarine
93%
Addison Fame Is A Gun
92%
Addison New York
92%
Addison Money Is Everything
85%
Singles Obsessed
85%
Addison High Fashion
82%
Addison Times Like These
78%
Addison In The Rain
76%
Addison Summer Forever
76%
AR 2 Die 4
73%
Addison Life's No Fun Through Clear Waters
73%
AR Nothing On (But The Radio)
69%
Addison Lost & Found
68%
AR I Got It Bad
66%
AR It Could've Been U
42%
No matching quizzes found
Score Distribution
Percent of People with Each Score
Percentile by Number Answered
Your Score History
You have not taken this quiz